000 00474nam a22001817a 4500
003 OSt
005 20220114160623.0
008 220114b |||||||| |||| 00| 0 eng d
020 _a8125909311
040 _cH.U
082 _a604.2
_b1
100 _aJeyapoovan,T
_922832
245 _aEngineering Drawing
_bWith AutoCad 2000.
260 _aNew Delhi
_bVIKAS PUBLISHING HOUSE PVT LTD.
_c2000.
300 _ailustration
500 _aIncludes Index
942 _2ddc
_cBOOKS
_n0
999 _c27166
_d27166